[Event "FRA-ch op Senior"]
[Site "Narbonne"]
[Date "1997.??.??"]
[Round "8"]
[White "Derouineau, Paul"]
[Black "De Winter, Joannes"]
[Result "1-0"]
[WhiteElo "1770"]
[BlackElo "1670"]
[PlyCount "29"]
[EventDate "1997.08.??"]
[EventType "swiss"]
[EventRounds "11"]
[EventCountry "FRA"]
[SourceTitle "EXT 2021"]
[Source "ChessBase"]
[SourceDate "2020.10.23"]
[SourceVersion "1"]
[SourceVersionDate "2020.10.23"]
[SourceQuality "1"]

1. d4 d6 2. e4 f5 3. Nc3 Nf6 4. Bd3 Nc6 5. Nge2 fxe4 6. Nxe4 e6 7. 0-0 Nb4 8. Ng5 Nxd3 9. Qxd3 Be7 10. Nf4 e5 11. dxe5 dxe5 12. Qb5+ Bd7 13. Qc4 Rf8 14. Nfe6 Bxe6 15. Nxe6 1-0